000 00717nam a22002531c 4500
001 a987690750
008 181029s2014 gw |||| 000u rus d
020 _a9785910222094
_9978-5-91022-209-4
041 _arus
100 1 _aVenkov, Andrej Vadimovič
245 0 0 _aDonskaja armija v bor'be s bol'ševikami v 1919-1920 gg.
264 _aMoskva :
_bAIRO-XXI,
_c2014
300 _a437 Seiten
610 0 _aDonkosaken
650 0 _aRussischer Bürgerkrieg <1917-1921>
650 0 _aBürgerkrieg
651 0 _aSowjetunion
710 2 _aJužnyj načnyj centr RAN
942 _cMG
040 _cRU-10907106
003 RU-10907106
999 _c5766
_d5766
490 0 _aEpocha revoljucij v Rossii. XX vek
490 0 _aAIRO - monografija